00557 2200193 4500001002100000005001500021035002000036245002800056100001800084250002000102300003100122856001800153260006500171082001600236084002200252020002200274650003900296650002800335INLIS00000000000007520250710121332 a0010-07250000751 aPiknik /cAmar Goswarni0 aAmar Goswarni aCetakan Pertama a16 hlm. :bIlus. ;c21 cm. aTBM AS SUHADA aRawamangun :bBadan Pengembangan dan Pembinaan Bahasa,c2022 a398.209 598 a398.209 598 GOS p a978-623-307-463-6 4aCerita Anak Indonesia - Terjemahan 4aLiterasi - Bahan bacaan